[Event "DEM U16 2022"]
[Site "Willingen GER"]
[Date "2022.06.09"]
[Round "7"]
[White "Spriestersbach, Kai"]
[Black "Ehrig, Leon Chris"]
[Result "1/2-1/2"]
[Termination "normal"]
[Board "13"]
[WhiteElo "1948"]
[BlackElo "1890"]
[WhiteClock "00:37:51"]
[BlackClock "00:30:03"]
[PlyCount "83"]
[WhiteFideId "16269985"]
[BlackFideId "16244796"]
[EventCountry "GER"]
[EventRounds "9"]
[EventType "swiss"]
[EventDate "2022.06.04"]

1. e4 {[%clk 1:30:57]} c5 {[%clk 1:30:09]} 2. Nf3 {[%clk 1:31:21]} d6 {[%clk
1:30:33]} 3. d4 {[%clk 1:31:46]} cxd4 {[%clk 1:30:53]} 4. Nxd4 {[%clk 1:32:10]}
Nf6 {[%clk 1:31:18]} 5. Nc3 {[%clk 1:32:34]} Bd7 {[%clk 1:30:45]} 6. Bg5 {[%clk
1:23:50]} Nc6 {[%clk 1:28:47]} 7. Qd2 {[%clk 1:23:04]} h6 {[%clk 1:28:13]} 8.
Bxf6 {[%clk 1:19:47]} gxf6 {[%clk 1:28:35]} 9. O-O-O {[%clk 1:19:14]} Nxd4
{[%clk 1:27:01]} 10. Qxd4 {[%clk 1:19:36]} Qa5 {[%clk 1:27:21]} 11. Kb1 {[%clk
1:16:26]} Rc8 {[%clk 1:24:56]} 12. f4 {[%clk 1:12:03]} Qc5 {[%clk 1:23:23]} 13.
Qd3 {[%clk 1:08:12]} f5 {[%clk 1:17:43]} 14. e5 {[%clk 1:04:03]} Bg7 {[%clk
1:16:10]} 15. Qg3 {[%clk 0:46:00]} O-O {[%clk 0:57:08]} 16. Rd5 {[%clk
0:44:02]} Qb6 {[%clk 0:54:28]} 17. Be2 {[%clk 0:43:00]} a6 {[%clk 0:49:45]} 18.
Re1 {[%clk 0:38:29]} Be6 {[%clk 0:45:05]} 19. Rd3 {[%clk 0:38:20]} dxe5 {[%clk
0:37:47]} 20. fxe5 {[%clk 0:38:34]} Qa5 {[%clk 0:37:47]} 21. Bf3 {[%clk
0:37:53]} Rc5 {[%clk 0:19:36]} 22. a3 {[%clk 0:35:24]} Rc4 {[%clk 0:07:45]} 23.
Nd5 {[%clk 0:32:54]} Bxd5 {[%clk 0:07:27]} 24. Bxd5 {[%clk 0:31:19]} Rg4 {[%clk
0:07:40]} 25. Qe3 {[%clk 0:28:53]} e6 {[%clk 0:06:44]} 26. Bf3 {[%clk 0:28:43]}
Rc4 {[%clk 0:06:26]} 27. Re2 {[%clk 0:28:11]} b5 {[%clk 0:04:07]} 28. c3 {[%clk
0:20:23]} Qc7 {[%clk 0:04:18]} 29. Rd4 {[%clk 0:19:52]} Rc5 {[%clk 0:04:19]}
30. Qd2 {[%clk 0:19:24]} Rxe5 {[%clk 0:04:11]} 31. Rd7 {[%clk 0:17:20]} Rxe2
{[%clk 0:04:30]} 32. Bxe2 {[%clk 0:17:46]} Qxh2 {[%clk 0:04:31]} 33. Bf3 {[%clk
0:17:49]} e5 {[%clk 0:04:34]} 34. Bd5 {[%clk 0:16:48]} e4 {[%clk 0:03:42]} 35.
Qf2 {[%clk 0:14:22]} Qe5 {[%clk 0:03:34]} 36. g4 {[%clk 0:13:33]} f4 {[%clk
0:03:28]} 37. Qa7 {[%clk 0:13:04]} Qf6 {[%clk 0:00:38]} 38. Bxe4 {[%clk
0:13:08]} f3 {[%clk 0:00:59]} 39. Qf2 {[%clk 0:13:03]} Qe6 {[%clk 0:00:51]} 40.
Bf5 {[%clk 0:13:09]} Qb3 {[%clk 0:00:36]} 41. Qxf3 {[%clk 0:08:38]} Re8 {[%clk
0:30:03]} 42. Qd1 {[%clk 0:37:51]} 1/2-1/2

[Event "DEM U16 2022"]
[Site "Willingen GER"]
[Date "2022.06.09"]
[Round "7"]
[White "Beyer, Lorenz"]
[Black "Tovmasyan, Minas"]
[Result "1/2-1/2"]
[Termination "normal"]
[Board "14"]
[WhiteElo "1512"]
[BlackElo "1933"]
[WhiteClock "00:01:54"]
[BlackClock "00:01:02"]
[PlyCount "77"]
[WhiteFideId "16245393"]
[BlackFideId "16247620"]
[EventCountry "GER"]
[EventRounds "9"]
[EventType "swiss"]
[EventDate "2022.06.04"]

1. d4 {[%clk 1:30:40]} Nf6 {[%clk 1:30:50]} 2. Bf4 {[%clk 1:31:08]} d5 {[%clk
1:29:42]} 3. e3 {[%clk 1:31:31]} c5 {[%clk 1:30:06]} 4. c3 {[%clk 1:31:54]} Qb6
{[%clk 1:29:57]} 5. b3 {[%clk 1:31:56]} Nc6 {[%clk 1:30:03]} 6. Nf3 {[%clk
1:32:01]} Bg4 {[%clk 1:26:36]} 7. Be2 {[%clk 1:28:53]} e6 {[%clk 1:26:50]} 8.
O-O {[%clk 1:29:18]} Be7 {[%clk 1:26:40]} 9. h3 {[%clk 1:19:56]} Bh5 {[%clk
1:27:04]} 10. Ne5 {[%clk 1:17:31]} Bxe2 {[%clk 1:27:26]} 11. Qxe2 {[%clk
1:17:55]} O-O {[%clk 1:25:51]} 12. Nd2 {[%clk 1:14:41]} Rac8 {[%clk 1:25:33]}
13. Ndf3 {[%clk 1:09:28]} h6 {[%clk 1:06:33]} 14. g4 {[%clk 1:03:30]} Nxe5
{[%clk 1:00:18]} 15. Nxe5 {[%clk 1:02:50]} cxd4 {[%clk 0:57:06]} 16. cxd4
{[%clk 1:03:10]} Rc3 {[%clk 0:53:23]} 17. g5 {[%clk 0:57:42]} hxg5 {[%clk
0:48:17]} 18. Bxg5 {[%clk 0:58:02]} Qc7 {[%clk 0:36:43]} 19. Bxf6 {[%clk
0:38:23]} Bxf6 {[%clk 0:36:24]} 20. Ng4 {[%clk 0:34:47]} Be7 {[%clk 0:30:30]}
21. Kh1 {[%clk 0:29:16]} f5 {[%clk 0:18:53]} 22. Ne5 {[%clk 0:29:27]} Rf6
{[%clk 0:14:30]} 23. Qh5 {[%clk 0:20:11]} Rh6 {[%clk 0:14:39]} 24. Qf7+ {[%clk
0:20:10]} Kh7 {[%clk 0:14:57]} 25. Rg1 {[%clk 0:16:52]} Bf6 {[%clk 0:12:10]}
26. Qxe6 {[%clk 0:15:46]} Bxe5 {[%clk 0:03:37]} 27. Qxf5+ {[%clk 0:15:48]} g6
{[%clk 0:03:34]} 28. Qxe5 {[%clk 0:14:47]} Qd7 {[%clk 0:03:09]} 29. Rg3 {[%clk
0:14:41]} Rh5 {[%clk 0:02:14]} 30. Qf4 {[%clk 0:14:07]} Rxh3+ {[%clk 0:01:49]}
31. Kg2 {[%clk 0:14:20]} Rxg3+ {[%clk 0:01:46]} 32. Qxg3 {[%clk 0:14:34]} Qf5
{[%clk 0:01:39]} 33. Rh1+ {[%clk 0:13:52]} Kg7 {[%clk 0:02:08]} 34. Rh4 {[%clk
0:14:02]} Rc1 {[%clk 0:01:26]} 35. Rg4 {[%clk 0:11:34]} Qh5 {[%clk 0:01:24]}
36. Rh4 {[%clk 0:08:12]} Qf5 {[%clk 0:01:53]} 37. Qh2 {[%clk 0:05:29]} Qg5+
{[%clk 0:01:23]} 38. Kf3 {[%clk 0:05:15]} Qf5+ {[%clk 0:01:02]} 39. Kg2 {[%clk
0:01:54]} 1/2-1/2

[Event "DEM U16 2022"]
[Site "Willingen GER"]
[Date "2022.06.09"]
[Round "7"]
[White "Gluma, Christian"]
[Black "Weidenhöfer, Max"]
[Result "1-0"]
[Termination "normal"]
[Board "16"]
[WhiteElo "2014"]
[BlackElo "1945"]
[WhiteClock "00:02:40"]
[BlackClock "00:07:24"]
[PlyCount "73"]
[WhiteFideId "16223209"]
[BlackFideId "16230566"]
[EventCountry "GER"]
[EventRounds "9"]
[EventType "swiss"]
[EventDate "2022.06.04"]

1. e4 {[%clk 1:30:57]} d5 {[%clk 1:30:56]} 2. exd5 {[%clk 1:31:19]} Qxd5 {[%clk
1:31:24]} 3. Nc3 {[%clk 1:31:39]} Qd6 {[%clk 1:31:49]} 4. d4 {[%clk 1:31:47]}
Nf6 {[%clk 1:32:13]} 5. Nf3 {[%clk 1:31:54]} c6 {[%clk 1:32:37]} 6. Ne5 {[%clk
1:31:26]} Nbd7 {[%clk 1:33:00]} 7. Nc4 {[%clk 1:31:20]} Qc7 {[%clk 1:33:24]} 8.
Qf3 {[%clk 1:31:20]} Nb6 {[%clk 1:33:48]} 9. Bf4 {[%clk 1:31:20]} Qd7 {[%clk
1:34:12]} 10. O-O-O {[%clk 1:29:37]} Qg4 {[%clk 1:34:26]} 11. Qxg4 {[%clk
1:29:02]} Bxg4 {[%clk 1:34:49]} 12. f3 {[%clk 1:18:30]} Bf5 {[%clk 1:34:07]}
13. Nxb6 {[%clk 1:14:07]} axb6 {[%clk 1:34:34]} 14. d5 {[%clk 1:10:08]} g6
{[%clk 1:22:56]} 15. Bc4 {[%clk 1:01:25]} h5 {[%clk 1:03:00]} 16. Kb1 {[%clk
0:42:48]} Nd7 {[%clk 0:53:46]} 17. Rhe1 {[%clk 0:35:28]} b5 {[%clk 0:43:40]}
18. Bf1 {[%clk 0:27:04]} Bg7 {[%clk 0:30:59]} 19. Ne2 {[%clk 0:18:55]} e5
{[%clk 0:17:34]} 20. Nd4 {[%clk 0:13:17]} Rc8 {[%clk 0:11:15]} 21. Nxf5 {[%clk
0:09:55]} gxf5 {[%clk 0:11:44]} 22. Bd3 {[%clk 0:09:22]} O-O {[%clk 0:10:47]}
23. Bg5 {[%clk 0:06:07]} Nb6 {[%clk 0:07:06]} 24. Bxf5 {[%clk 0:04:48]} Rb8
{[%clk 0:07:15]} 25. d6 {[%clk 0:03:57]} f6 {[%clk 0:07:11]} 26. Be3 {[%clk
0:03:55]} Nc4 27. Be6+ {[%clk 0:03:00]} Kh8 {[%clk 0:07:23]} 28. Bxc4 {[%clk
0:03:12]} bxc4 {[%clk 0:07:52]} 29. d7 {[%clk 0:03:06]} Rfd8 {[%clk 0:05:52]}
30. Bb6 {[%clk 0:03:06]} Kg8 {[%clk 0:06:15]} 31. Bxd8 {[%clk 0:03:04]} Rxd8
{[%clk 0:06:44]} 32. Re4 {[%clk 0:02:45]} b5 {[%clk 0:06:47]} 33. Rh4 {[%clk
0:02:49]} Kf7 {[%clk 0:07:00]} 34. Rxh5 {[%clk 0:02:49]} Ke6 {[%clk 0:07:03]}
35. Rh7 {[%clk 0:02:31]} Bf8 {[%clk 0:07:04]} 36. Rh8 {[%clk 0:02:44]} Ke7
{[%clk 0:07:24]} 37. h4 {[%clk 0:02:40]} 1-0